| 000 | 01005cam a2200277 4500 | ||
|---|---|---|---|
| 001 | M1658 | ||
| 008 | 090401t1995 xxu||||| |||| 00| 0 eng d | ||
| 035 | _a(Sirsi) u33596 | ||
| 041 | _aeng | ||
| 050 | _a333.332 | ||
| 090 | _aRICS 1995/1ABCD | ||
| 110 |
_aRoyal Institution of Chartered Surveyors _94900 |
||
| 245 | _aValuation for development land: draft consultation paper. | ||
| 260 |
_aLondon _bRICS _c1995 |
||
| 300 | _a11p. ; 30cm. | ||
| 350 | _a0 | ||
| 520 | _aPaper issued January 1995 by the Development Appraisal and Implementation Skills Panel. Consultation period ends 28 February 1995. Issued in final form in the New Red Book as Guidance Note No 17 "Development land: valuations and calculations of worth" September 1995. | ||
| 650 | _aCONSULTATION PAPERS | ||
| 650 | _aDEVELOPMENT APPRAISAL AND IMPLEMENTATION SKILLS PANEL | ||
| 650 | _aDEVELOPMENT LAND | ||
| 650 | _aGN16 | ||
| 650 | _aWHITE BOOK | ||
| 690 | _aRATING AND VALUATION | ||
| 942 | _n0 | ||
| 948 | _c04/03/1997 | ||
| 999 |
_c89825 _d89825 |
||